Future of rural partnership fund (Record no. 117068)

MARC details
000 -LEADER
fixed length control field 01341cam a2200265 4500
001 - CONTROL NUMBER
control field WB4009-14
008 - FIXED-LENGTH DATA ELEMENTS--GENERAL INFORMATION
fixed length control field 040302n2004 000 0 eng u
035 ## - SYSTEM CONTROL NUMBER
System control number (Sirsi) u125290
245 ## - TITLE STATEMENT
Title Future of rural partnership fund
260 ## - PUBLICATION, DISTRIBUTION, ETC.
Date of publication, distribution, etc. 2004
490 ## - SERIES STATEMENT
Series statement Scottish Executive Press Release
Volume/sequential designation (SEen806/2004) 1 March 2004 (2)
520 ## - SUMMARY, ETC.
Summary, etc. A Scottish Executive consultation paper invites views on the future operation of the Scottish Rural Partnership Fund, including the introduction of a small projects' fund, increased levels of support for applicants and the introduction of two application rounds annually. Proposals aim to make it easier for people living in Scotland's rural areas to apply for money to make improvements in their communities. Scottish Executive Press Release http://www.scotland.gov.uk/pages/news/2004/03/SEen 808.aspx.
590 ## - LOCAL NOTE (RLIN)
Local note WB
590 ## - LOCAL NOTE (RLIN)
Local note WB
650 ## - SUBJECT ADDED ENTRY--TOPICAL TERM
Topical term or geographic name entry element SCOTLAND
650 ## - SUBJECT ADDED ENTRY--TOPICAL TERM
Topical term or geographic name entry element RURAL SCOTLAND
650 ## - SUBJECT ADDED ENTRY--TOPICAL TERM
Topical term or geographic name entry element SCOTTISH RURAL PARTNERSHIP FUND
650 ## - SUBJECT ADDED ENTRY--TOPICAL TERM
Topical term or geographic name entry element CONSULTATION PAPERS
650 ## - SUBJECT ADDED ENTRY--TOPICAL TERM
Topical term or geographic name entry element SCOTTISH EXECUTIVE
650 ## - SUBJECT ADDED ENTRY--TOPICAL TERM
Topical term or geographic name entry element GRANT SCHEMES
690 ## - LOCAL SUBJECT ADDED ENTRY--TOPICAL TERM (OCLC, RLIN)
Topical term or geographic name as entry element RURAL
9 (RLIN) 6268
856 ## - ELECTRONIC LOCATION AND ACCESS
Uniform Resource Identifier <a href="https://www.scotland.gov.uk/consultations/rural/srpc-00.asp">https://www.scotland.gov.uk/consultations/rural/srpc-00.asp</a>
Hours access method available View the consultation paper...
856 ## - ELECTRONIC LOCATION AND ACCESS
Uniform Resource Identifier <a href="https://www.scotland.gov.uk/consultations/rural/srpc-00.asp">https://www.scotland.gov.uk/consultations/rural/srpc-00.asp</a>
Hours access method available View the consultation paper...
942 ## - ADDED ENTRY ELEMENTS (KOHA)
Suppress in OPAC 0
Holdings
Withdrawn status Lost status Source of classification or shelving scheme Damaged status Not for loan Home library Current library Shelving location Date acquired Total Checkouts Full call number Barcode Date last seen Copy number Price effective from Koha item type
    Dewey Decimal Classification     London London News article 02/03/2004   WB4009-14 125290-1001 06/08/2019 1 06/08/2019 News article